Central Library and Information Centre
Sibsagar Girls' College, Sivasagar : Assam

SYSTEMATIC AGRICULTURAL GEOGRAPHY (Record no. 9401)

MARC details
000 -LEADER
fixed length control field 00395cam a2200169ua 4500
008 - FIXED-LENGTH DATA ELEMENTS--GENERAL INFORMATION
fixed length control field 120102n1996 II |||gr||||Z||||||eng
040 ## - CATALOGING SOURCE
Original cataloging agency MAIN
041 ## - LANGUAGE CODE
-- English
082 ## - DEWEY DECIMAL CLASSIFICATION NUMBER
Classification number 910 HUS
100 ## - MAIN ENTRY--PERSONAL NAME
Personal name HUSSAIN, MAJID.
245 ## - TITLE STATEMENT
Title SYSTEMATIC AGRICULTURAL GEOGRAPHY
260 ## - PUBLICATION, DISTRIBUTION, ETC.
Place of publication, distribution, etc. JAIPUR
Name of publisher, distributor, etc. RAWAT PUBLICATION
Date of publication, distribution, etc. 1996
300 ## - PHYSICAL DESCRIPTION
Extent 430.
942 ## - ADDED ENTRY ELEMENTS (KOHA)
Koha item type Books
653 ## - INDEX TERM--UNCONTROLLED
Uncontrolled term Geography & travel

No items available.



Sibsagar Girl's College © 2020. All rights reserved.
Powered by Koha.
Maintained by Abhijit Borpuzari.